Les compo de Manchester City Chelsea en finale de LDC - Statistiques

Statistiques générales
  • Ce quiz a été pris 509 fois
  • Le résultat moyen est 18 sur 24
Statistiques - réponses
équipe poste réponse % Correct
Manchester City G Ederson
97%
Manchester City Entraineur Josep Guardiola
97%
Manchester City MC Bernardo Silva
94%
Manchester City DD Kyle Walker
94%
Chelsea DC Thiago Silva
94%
Manchester City BU Kevin De Bruyne
92%
Manchester City DC Ruben Dias
88%
Chelsea G Edouard Mendy
86%
Chelsea Entraineur Thomas Tuchel
85%
Chelsea AD Kai Havertz
82%
Manchester City DC John Stones
81%
Chelsea MC N'golo Kanté
81%
Manchester City AG Raheem Sterling
77%
Manchester City MC Phil Foden
73%
Manchester City AD Riyad Mahrez
69%
Manchester City MC Ilkay Gundogan
64%
Chelsea BU Timo Werner
61%
Chelsea DCG Antonio Rudiger
59%
Chelsea MD Reece James
58%
Chelsea AG Mason Mount
56%
Chelsea MC Jorginho
51%
Chelsea DCD César Azpilicueta
50%
Manchester City DG Oleksandr Zinchenko
46%
Chelsea MG Ben Chilwell
43%
Aucun quiz correspondant
Distribution des résultats
% des personnes avec chaque résultat
Percentile par nombre de réponses
Votre historique - résultats
Vous n’avez pas pris ce quiz